Countries with the Highest Human Development Index A-Z - Statistics

General Stats
  • This quiz has been taken 102 times
  • The average score is 20 of 24
Answer Stats
% Correct
Australia
98%
Denmark
96%
France
94%
Germany
94%
Norway
93%
USA
91%
Yemen
91%
Canada
90%
Belgium
89%
Oman
89%
Qatar
89%
Switzerland
89%
Zambia
89%
Japan
88%
Russia
87%
Ireland
83%
Estonia
82%
Venezuela
82%
Hungary
80%
Liechtenstein
79%
Poland
75%
Malta
58%
Kuwait
55%
Trinidad and Tobago
45%
No matching quizzes found
Score Distribution
Percent of People with Each Score
Percentile by Number Answered
Your Score History
You have not taken this quiz